| 000 | 00512cam a2200169 a 4500 | ||
|---|---|---|---|
| 020 | _a0075577909 : | ||
| 040 | _cDLC | ||
| 082 | 0 | 0 | _a005 HIL 1991 A004 Or. |
| 100 | 1 | _aDiElsi, John J. | |
| 245 | 1 | 0 |
_aTurbo Pascal 6.0 : _bthe nuts and bolts of program construction / |
| 260 |
_aNew York : _bMcGraw-Hill, _cc1991. |
||
| 300 |
_axiv, 569, 30 p. : _bill. ; _c23 cm. |
||
| 500 | _a"Includes 5.0 & 5.5 Supplement"--Cover. | ||
| 500 | _aIncludes index. | ||
| 650 | 0 | _aPascal (Computer program language) | |
| 942 | _cEK | ||
| 999 |
_c15649 _d15649 |
||